1674 1246 1776 1307 1220 1988 1190 1662 1550 1403 1786 1284 1894 1176 1984 1898 1668 1511 1692 1809 1542 1096 1177 1437 1153 1287 1520 1972 1760 1191 1486 1400 1233 1596 1731 1838 1202 1003 1692 1107 1281 1785 1966 1214 1904 1469 1494 1544 1781 1653 1545 1783 1424 1127 1226 1961 1629 1308 1501 1320 1927 1795 1658 1148 1478 1950 1291 1771 1518 1831 1132 1252 1536 1357 1081 1441 1466 1429 1573 1562 1379 1073 1243 1386 1742 1506 1008 1637 1317 1582 1670 1407 1259 1260 1415 1884 1333 1464 1802 BCNSPRNW ULIB Ver.6.0+V

เปลี่ยนเป็นภาษาไทย

Change to English
 แสดงรายละเอียดบรรณานุกรม
  กลับหน้าหลัก

Brief Record : Get Marc (ISO 2709) : E-mail record : QR code < ปิดหน้าต่าง
LEADER : 00000nam a2200000Ia 4500
001    13399113684
003     ULIB
008    080121s2548 th a 000 0 tha d
020    ^a9749153871
024    ^a9789749153871
060 04 ^aWQ200^bว729ก
100 0  ^aวิไลพรรณ สวัสดิ์พาณิชย์
245 10 ^aการดูแลและส่งเสริมสุขภาพหญิงในระยะคลอดและทารกแรกเกิด /
250    ^aพิมพ์ครั้งที่ 3
260    ^aชลบุรี :^bภาควิชาการพยาบาลแม่และเด็ก คณะพยาบาลศาสตร์ู^c,2548
300    ^aก-ฐ, 293 หน้า :ภาพประกอบ ;^c30 ซม.
650  4 ^aการส่งเสริมสุขภาพ
650  4 ^aการคลอด
650  4 ^aทารกแรกเกิด
650  4 ^aสุขภาพ
700 0  ^aตติรัตน์ สุวรรณสุจริต
710 2  ^aมหาวิทยาลัยบูรพา. ^bภาควิชาการพยาบาลแม่และเด็ก
995    ^aเกษร
999 ^a ใช้งานได้ทุกระบบ
รายการนี้ยังไม่มีแท็ก
คุณยังไม่ได้ล็อกอิน คุณสามารถมีกิจกรรมร่วมกับเว็บไซต์ได้ แต่ต้องล็อกอินก่อน ::
  ล็อกอิน

รายการสื่อสารสนเทศ

ลำดับที่ ประเภท เลขเรียก/บาร์โค้ด สถานที่ สถานะ
- ไม่พบข้อมูล -

รายการใกล้เคียง
    ผู้แต่ง [วิไลพรรณ สวัสดิ์พาณิชย์]

    หัวเรื่อง [การส่งเสริมสุขภาพ]
    หัวเรื่อง [การคลอด]
    หัวเรื่อง [ทารกแรกเกิด]
    หัวเรื่อง [สุขภาพ]

BibComment


ยังไม่เคยถูกคอมเมนท์

คอมเมนท์ทรัพยากรรายการนี้
  คอมเมนท์: การดูแลและส่งเสร..


 Copyright 2026. Bcnsprnw @Library